Estudios sobre el proceso civil chileno
Wedi'i Gadw mewn:
| Prif Awdur: | |
|---|---|
| Fformat: | Llyfr |
| Iaith: | Sbaeneg |
| Cyhoeddwyd: |
Valparaíso
Prolibros Ediciones Limitada
2017
|
| Rhifyn: | 1a. ed |
| Pynciau: | |
| Tagiau: |
Ychwanegu Tag
Dim Tagiau, Byddwch y cyntaf i dagio'r cofnod hwn!
|
MARC
| LEADER | 00000cam a2200000 a 4500 | ||
|---|---|---|---|
| 001 | UCD7291 | ||
| 003 | CL-VaPUC | ||
| 008 | 170317e20170000cl |||||||||||||||||spa|d | ||
| 020 | |a 9789569623035 | ||
| 082 | 0 | 4 | |a 347.05 |b MEN |2 21 |
| 100 | |a Meneses Pacheco, Claudio |e autor |9 767094 | ||
| 245 | 1 | 0 | |a Estudios sobre el proceso civil chileno |
| 250 | |a 1a. ed | ||
| 300 | |a 453 p | ||
| 942 | |c BK | ||
| 945 | |d 20170317 22:16:00 |a dcastane | ||
| 260 | |a Valparaíso |b Prolibros Ediciones Limitada |c 2017 | ||
| 650 | 0 | |a Proceso civil |9 361912 | |
| 650 | 0 | |a Derecho procesal |z Chile |9 454338 | |
| 583 | |a last modification |c 20170317 22:16:00 |k Rodrigo Vera | ||
| 999 | |c 367353 |d 367351 | ||
| 952 | |0 0 |1 0 |3 erb |4 0 |6 347_050000000000000_MEN_2017 |7 0 |8 A |9 482191 |a BIBDER |b BIBDER |i 5367344 |l 5 |m 1 |o 347.05 MEN 2017 |p 5367344 |r 2025-04-16 |s 2025-04-08 |w 2019-11-24 |y BK |z Catalogado en:20170317 |k DER | ||